Дифференциальное исчисление функций нескольких переменных: учебное пособие

Detalhes bibliográficos
Autor principal: Подскребко Э. Н. Эльвира Николаевна
Autor Corporativo: Томский политехнический университет (ТПУ)
Outros Autores: Пестова Н. Ф. Надежда Федосеевна
Resumo:Учебное пособие предназначено для студентов технических вузов, изучающих раздел "Дифференциальное исчисление функций нескольких переменных". В пособии приведены определения, формулировки теорем, решения типовых примеров, набор упражнений для самостоятельной работы. Особенностью учебного пособия является формирование с помощью специально подобранных тестов навыков сознательного изучения математического материала: понятий, свойств, алгоритмов, структуры.
Idioma:russo
Publicado em: Томск, Изд-во ТПУ, 2008
Edição:3-е изд., перераб.
Colecção:Учебники Томского политехнического университета
Assuntos:
Formato: MixedMaterials Livro
KOHA link:https://koha.lib.tpu.ru/cgi-bin/koha/opac-detail.pl?biblionumber=143029

MARC

LEADER 00000nam0a2200000 4500
001 143029
005 20231031142947.0
035 |a (RuTPU)RU\TPU\book\154990 
090 |a 143029 
100 |a 20080915d2008 m y0rusy50 ca 
101 0 |a rus 
102 |a RU 
105 |a a j 001zy 
200 1 |a Дифференциальное исчисление функций нескольких переменных  |e учебное пособие  |f Э. Н. Подскребко, Н. Ф. Пестова  |g Томский политехнический университет (ТПУ) 
205 |a 3-е изд., перераб. 
210 |a Томск  |c Изд-во ТПУ  |d 2008 
215 |a 132 с.  |c ил. 
225 1 |a Учебники Томского политехнического университета 
320 |a Библиогр.: с. 129. 
330 |a Учебное пособие предназначено для студентов технических вузов, изучающих раздел "Дифференциальное исчисление функций нескольких переменных". В пособии приведены определения, формулировки теорем, решения типовых примеров, набор упражнений для самостоятельной работы. Особенностью учебного пособия является формирование с помощью специально подобранных тестов навыков сознательного изучения математического материала: понятий, свойств, алгоритмов, структуры. 
610 1 |a функции нескольких переменных 
610 1 |a дифференциальное исчисление 
610 1 |a метрические пространства 
610 1 |a пределы 
610 1 |a непрерывность 
610 1 |a дифференцируемость 
610 1 |a скалярные поля 
610 1 |a формула Тейлора 
610 1 |a отображения 
610 1 |a задания 
610 1 |a ответы 
610 1 |a учебные пособия 
610 1 |a математика 
675 |a 517.2(075.8)  |v 3 
700 1 |a Подскребко  |b Э. Н.  |c математик  |c доцент Томского политехнического университета, кандидат физико-математических наук  |f 1946-  |g Эльвира Николаевна  |2 stltpush  |3 (RuTPU)RU\TPU\pers\28056 
701 1 |a Пестова  |b Н. Ф.  |c математик  |c ведущий инженер Томского политехнического университета  |f 1932-  |g Надежда Федосеевна  |2 stltpush  |3 (RuTPU)RU\TPU\pers\2960 
712 0 2 |a Томский политехнический университет (ТПУ)  |c (1991- )  |2 stltpush  |3 (RuTPU)RU\TPU\col\376 
801 1 |a RU  |b 63413507  |c 20080915  |g PSBO 
801 2 |a RU  |b 63413507  |c 20200903  |g PSBO 
942 |c BK